000 00533nam a2200193Ia 4500
005 20251020182616.0
008 200515s9999 xx 000 0 und d
082 _aSC/694.5/C28/5
110 _aOcéano
245 0 _aBiblioteca Atrium de la Carpintería : Nuevas Aplicaciones (5)
260 _aBarcelona
260 _c1993
300 _a117
520 _aInformación sobre madera laminada y su utilización en la construcción
650 _aCARPINTERIA
650 _aCARPINTERIA
650 _aMADERA LAMINADA
942 _cLIB
999 _c3516
_d3516